Danganronpa Ultimate Quiz *Spoilers* - Statistics

General Stats
  • This quiz has been taken 128 times
  • The average score is 45 of 66
Answer Stats
Character Ultimate % Correct
Junko Enoshima Ultimate Analyst / Ultimate Despair / Ultimate Fashionista
95%
Teruteru Hanamura Ultimate Cook
94%
Makoto Naegi Ultimate Lucky Student
94%
Nagito Komaeda Ultimate Lucky Student
94%
Kyoko Kirigiri Ultimate Detective
92%
Shuichi Saihara Ultimate Detective
92%
Chiaki Nanami Ultimate Gamer
91%
Mikan Tsumiki Ultimate Nurse
90%
K1-B0 Ultimate Robot
90%
Rantaro Amami Ultimate Adventurer / Ultimate Survivor
88%
"Junko Enoshima" / Mukuro Ikusaba Ultimate Fashionista / Ultimate Soldier
88%
Kirumi Tojo Ultimate Maid
88%
Kaede Akamatsu Ultimate Pianist
88%
Maki Harukawa Ultimate Assassin / Ultimate Child Caregiver
87%
Tsumugi Shirogane Ultimate Cosplayer
87%
"Byakuya Togami" Ultimate Imposter
87%
Kazuichi Soda Ultimate Mechanic
87%
Chihiro Fujisaki Ultimate Programmer
87%
Gundham Tanaka Ultimate Breeder
86%
Celestia "Celeste" Ludenberg Ultimate Gambler
86%
Mahiru Koizumi Ultimate Photographer
86%
Sonia Nevermind Ultimate Princess
86%
Angie Yonaga Ultimate Artist
83%
Kaito Momota Ultimate Astronaut
83%
Akane Owari Ultimate Gymnast
83%
Miu Iruma Ultimate Inventor
83%
Ibuki Mioda Ultimate Musician
83%
Himiko Yumeno Ultimate Magician
82%
Leon Kuwata Ultimate Baseball Star
81%
Hiyoko Saionji Ultimate Traditional Dancer
81%
Fuyuhiko Kuzuryu Ultimate Yakuza
81%
Sakura Ogami Ultimate Martial Artist
79%
Kiyotaka Ishimaru Ultimate Moral Compass
79%
Mondo Owada Ultimate Biker Gang Leader
78%
Kokichi Oma Ultimate Supreme Leader
78%
Peko Pekoyama Ultimate Swordswoman
78%
Korekiyo Shinguji Ultimate Anthropologist
77%
Gonta Gokuhara Ultimate Entomologist
77%
Ryoma Hoshi Ultimate Tennis Pro
77%
Hifumi Yamada Ultimate Fanfic Creator
74%
Yasuhiro Hagakure Ultimate Clairvoyant
73%
Nekomaru Nidai Ultimate Team Manager
71%
Sayaka Maizono Ultimate Pop Sensation
70%
Aoi Asahina Ultimate Swimming Pro
70%
Toko Fukawa Ultimate Writing Prodigy
70%
Tenko Chabashira Ultimate Aikido Master
68%
Byakuya Togami Ultimate Affluent Progeny
66%
Ryota Mitarai Ultimate Animator
55%
Genocide Jack Ultimate Murderous Fiend
49%
Juzo Sakakura Ultimate Boxer
45%
Daisaku Bandai Ultimate Farmer
45%
Chisa Yukizome Ultimate Housekeeper
42%
Ryoko Otonashi Ultimate Analyst
38%
Seiko Kimura Ultimate Pharmacist
36%
Ruruka Ando Ultimate Confectioner
35%
Great Gozu Ultimate Wrestler
35%
Miaya Gekkogahara Ultimate Therapist
34%
Isshiki Madarai Ultimate Bodyguard
31%
Sonosuke Izayoi Ultimate Blacksmith
30%
Kyosuke Munakata Ultimate Student Council President
30%
Sōshun Murasame Ultimate Student Council President
30%
Yasuke Matsuda Ultimate Neurologist
25%
Santa Shikiba Ultimate Botanist
22%
Shinobu Togami Ultimate Secretary
18%
Ted Chikatilo Ultimate Pyrotechnician
17%
Yuto Kamishiro Ultimate Secret Agent
12%
No matching quizzes found
Score Distribution
Percent of People with Each Score
Percentile by Number Answered
Your Score History
You have not taken this quiz